| 000 | 00595nam a2200217 a 4500 | ||
|---|---|---|---|
| 001 | BRCA_5072 | ||
| 005 | 20190320204927.0 | ||
| 008 | 091110s1910----fr-a######---#000-0#fre-# | ||
| 041 | _afre | ||
| 044 | _afr | ||
| 050 | 4 |
_aDG427 _b.T35 _c1910 |
|
| 245 | 1 | 0 |
_aVoyage en Italie _bpar H. Taine |
| 260 |
_aParís _bHachette _c1910 |
||
| 300 |
_a2 v. _c19 cm. |
||
| 500 | _aI16 | ||
| 501 | _aContenido: v.1. Napoles et Rome (14 ed.).-- v.2. Florence et Venise (9 ed.) | ||
| 650 | 1 | 4 |
_aViajeros franceses _97982 |
| 650 | 1 | 4 |
_aItalia _xDescripción y viajes. _912933 |
| 902 | _aGFM | ||
| 942 |
_2lcc _cB |
||
| 999 |
_c4766 _d4766 |
||